000 00391nam a2200157Ia 4500
008 230524s9999 xx 000 0 und d
082 _a612
_bPAL
100 _aV.H.Talib (Editor)
245 2 _aA Handbook of Medical Laboratory Technology
250 _a1ST
260 _aNEW DELHI
_bCBS
_c2007
300 _aXV;243
500 _aQuantity Number: 2
650 _aBiomedical
942 _cBK
999 _c38149
_d38149